Language Quiz

Random Language or Spanish Quiz

Spanish-English Name Dictionary Quiz Stats

Quiz Updated Jan 17, 2013

Challenge
Share
Tweet
Embed
Score 0/51 Timer 10:00
7 Plays Today
% Correct
Domingo
95.1%
Raquel
94.9%
Marta
94.9%
Fernando
94.9%
Genoveva
94.8%
Adán
94.8%
Blanca
94.6%
Noé
94.6%
Andrés
94.5%
Brigida
94.5%
Rodrigo
94.5%
Ulises
94.5%
Ramón
94.5%
Benito
94.4%
Pablo
94.4%
Bautista
94%
Cristóbal
94%
Rut
94%
Carlos
93.9%
Miguel
93.8%
Catalina
93.8%
Blas
93.1%
Lino
92.1%
Caridad
91.3%
Joaquín
91%
Alejo
90.6%
% Correct
Lorenzo
90.5%
Eliseo
90.2%
Jorge
89.8%
Juan
89.7%
Elena
89.2%
José
89.1%
Imelda
89.1%
Josué
89%
Felipa
88.9%
Jaime
88.2%
Estrella
87.9%
Javier
87.3%
Esteban
87.1%
Loida
87%
Guillermo
83.4%
Aníbal
82%
Manuel
81.8%
Águeda
81%
Enrique
80.7%
Jacinto
77.3%
Gualterio
68.7%
Olalla
66.5%
Gaspar
64.3%
Inés
60.6%
Leonor
46.6%

You're not logged in!

Compare scores with friends on all Sporcle quizzes.
Sign Up with Email
OR
Log In

You Might Also Like...

Show Comments

Extras

Top Quizzes Today


Score Distribution

Your Account Isn't Verified!

In order to create a playlist on Sporcle, you need to verify the email address you used during registration. Go to your Sporcle Settings to finish the process.